000 01315 a2200241 4500
001 22204
005 20260407155511.0
008 260407a1997 arg spa d
003 AR-UNSa-BCEJYS
040 _aAR-UNSa-BCEJYS
_bspa
_cAR-UNSa-BCEJYS
080 _a658.16
_xReorganización financiera (Proyectos de inversión)
245 1 0 _aPreparación y evaluación de proyectos
020 _a978-958-600-338-4
250 _a3a. ed
264 1 _aBogotá :
_bMcGraw-Hill
_c1997
300 _a404 p.
_c23 cm.
505 _a1. El estudio de los proyectos - 2. El proceso de preparación y evaluación - 3. Estructura económica del mercado - 4. El estudio de mercado - 5. Técnicas de proyección del mercado - 6. Estimación de costos - 7. Antecedentes económicos del estudio técnico - 8. La determinación del tamaño - 9. Decisiones de localización - 10. Efectos económicos de los aspectos organizacionales - 11. Antecedentes económicos del estudio legal - 12. Las inversiones del proyecto - 13. Beneficios del proyecto - 14. Flujo de caja proyectado - 15. Tasa de descuento - 16. Criterios de evaluación de proyectos - 17. Análisis de riesgo
942 _cBK
590 _aniveau_biblio:m niveau_hierar:0
100 1 _aSapag Chain, Nassir
700 1 _aSapag Chain, Reinaldo
700 1 _aRuiz, Hector A.
999 _c925
_d925